Pornografía: la tiranía de la mirada /

Tallennettuna:
Bibliografiset tiedot
Päätekijä: Retana Alvarado, Camilo
Aineistotyyppi: Tuntematon
Kieli:Spanish
Julkaistu: Costa Rica : Editorial Arlekín
Tagit: Lisää tagi
Ei tageja, Lisää ensimmäinen tagi!

MARC

LEADER 00000 a2200000 04500
001 48614
003 cru CIDCACS/IIS
005 20170824135557.0
008 050630s2008 cr spa d
999 |c 15186  |d 15186 
020 |a 978-9968-47-097-1  
022 |a 978-9968-47-097-1  
040 |c CIDCACS/IIS 
090 |a 05.03.01 R437p  
100 |a Retana Alvarado, Camilo  
245 |a Pornografía:   |b la tiranía de la mirada /   |c Camilo Retana Alvarado  
260 |a Costa Rica :   |b Editorial Arlekín  
300 |a 185 páginas  
942 |2 ddc  |c LI